| 000 | 00963nac a22002171u 4500 | ||
|---|---|---|---|
| 008 | 100810s Ua||||| |||| 001 0 ara d | ||
| 082 |
_bب د و _a269.92 |
||
| 100 |
_aبدوي،عبد الرحمن _916353 |
||
| 245 |
_aشهيدة العشق الألهي: _bرابعة العدوية/ _cعبدالرحمن بدوي |
||
| 260 |
_aالقاهرة: _bمكتبة النهضة المصرية،[د.ت] _c[د.ت] |
||
| 300 |
_a190 ص؛ _c24 سم |
||
| 490 |
_916364 _a؛دراسات اسلامية _n8 |
||
| 500 | _aيشتمل علي كشاف | ||
| 511 | _aCatalogued by: Sara | ||
| 541 |
_aألف باء _cشراء |
||
| 600 |
_922405 _aرابعة العدوية |
||
| 650 |
_aالتصوف الإسلامي _916733 |
||
| 650 |
_aالمتصوفون _916077 |
||
| 942 |
_cBB _k296.92 ب د و _2ddc |
||
| 999 |
_c6784 _d6784 |
||